000 00410nam a2200157Ia 4500
008 230917s9999||||xx |||||||||||||| ||und||
040 _e78454
_aMAIN
041 _aEnglish
082 _a346.086 S34P
100 _aSrinivasan, M N
245 0 _aPrinciples of insurance law: life-fire marine motor and accident
250 _a5th ed.
260 _aBangalore
_bRamanuja
_c1992
300 _a498 p.
942 _cBK
999 _c65833
_d65833